00547nam a2200205 a 4500001001300000003000900013005001700022008004100039020002300080082002100103100002100124245003000145260004700175300000900222500003500231505001000266650001700276650002700293700002100320nice12345678IN_TiNIC20260116013134.0050524s1993 mina grp 000 0 eng  a0816680 c10000a305.480297bMER3 aMernissi, Fatima aForgotten Queens of Islam aMinneapolisbUniversity of Minnesotac1993 a229p aincludes index and biblioraphy2 aIndex aMuslim Women aBiography-Queens-Islam1 aMernissi, Fatima